000 00294nam a22001337a 4500
008 171123b xxu||||| |||| 00| 0 eng d
020 _a9780764547874
041 _aeng
080 _a004
100 _a27
101 _aSHK
245 _aJSP SERVLEST AND MYSQL
_cDAVID.H
942 _2udc
_cBK
999 _c38343
_d38343